Lengua 5 : primaria, tercer ciclo

Gespeichert in:
Bibliographische Detailangaben
Weitere Verfasser: Bello Crespo, Carmen
Format: Buch
Sprache:Spanisch
Erschienen: Madrid : Anaya, 2010-2012
Katalog:MANES:  Suchergebnis im Bibliothekskatalog
Schulbuchspezifische Eigenschaften:
Schriftenreihe:Abre la puerta
Tags: Tag hinzufügen
Keine Tags, Fügen Sie den ersten Tag hinzu!
Hinzugefügt zu:12.09.2005
Geändert in:07.05.2025

MARC

LEADER 00000cam a2200000 i 4500
005 20250507134346.0
008 050913m20102012espa fp 000 0 spa d
020 |a 9788466778893 
040 |a uned  |b spa  |c entro-manes 
245 0 0 |a Lengua 5 :   |b primaria, tercer ciclo /   |c Carmen Bello Crespo ... [et al.] 
260 |a Madrid :   |b Anaya,   |c 2010-2012 
300 |a 3 v. :   |b il. 
490 0 |a Abre la puerta 
505 1 |a Contiene:   |g V. 1.   |t primer trimestre -   |g V. 2.   |t segundo trimestre -   |g V. 3.   |t tercer trimestre 
546 |a España 
561 |5 es-BUNED  |3 L.T.M. 2906  |a España. Fondo Manes UNED  |k MANES 
690 0 |a LEN 
691 0 |a PRI 
700 1 |a Bello Crespo, Carmen  |9 36469 
942 |2 ddc  |c BK 
999 |c 92569  |d 92569 
999 |c manes:92569  |d 92569